ՀՀ Գիտությունների ազգային ակադեմիայի հիմնարար գիտական գրադարան  =   Fundamental Scientific Library of NAS RA

Абакан : (Record no. 402230)

MARC details
000 -LEADER
fixed length control field 00682nam a22001817a 4500
003 - CONTROL NUMBER IDENTIFIER
control field AM-YeHGA
005 - DATE AND TIME OF LATEST TRANSACTION
control field 20250617154003.0
008 - FIXED-LENGTH DATA ELEMENTS--GENERAL INFORMATION
fixed length control field 180405b xxu||||| |||| 00| 0 rus d
040 ## - CATALOGING SOURCE
Original cataloging agency AM-YeHGA
041 0# - LANGUAGE CODE
Language code of text/sound track or separate title rus
090 ## - LOCALLY ASSIGNED LC-TYPE CALL NUMBER (OCLC); LOCAL CALL NUMBER (RLIN)
-- 404445
245 00 - TITLE STATEMENT
Title Абакан :
Remainder of title Литературно-художественный альманах /
Statement of responsibility, etc. Хакас. отд-ние Союза советских писателей СССР
260 ## - PUBLICATION, DISTRIBUTION, ETC.
Place of publication, distribution, etc. Абакан :
Name of publisher, distributor, etc. Хакас. кн. изд-во,
Date of publication, distribution, etc. 1954
300 ## - PHYSICAL DESCRIPTION
Extent выпуск
505 ## - FORMATTED CONTENTS NOTE
Miscellaneous information Вып. 6 (1954; 114 с.)
-- Вып. 7 (1955; 190 с.)
653 0# - INDEX TERM--UNCONTROLLED
Uncontrolled term Советская литература - Сборники
942 ## - ADDED ENTRY ELEMENTS (KOHA)
Source of classification or shelving scheme Universal Decimal Classification
Koha item type Գրքեր / Books
Holdings
Withdrawn status Lost status Damaged status Not for loan Collection Home library Current library Date acquired Serial enumeration / chronology Total checkouts Full call number Barcode Date last seen Price effective from Koha item type Public note
        General Fundamental Scientific Library Fundamental Scientific Library 05/04/2018 Вып. 6   РД III/914 FL0461892 05/04/2018 05/04/2018 Գրքեր / Books 30 Days Loan
        General Fundamental Scientific Library Fundamental Scientific Library 05/04/2018 Вып. 7   РД III/915 FL0461893 05/04/2018 05/04/2018 Գրքեր / Books 30 Days Loan


ՀՀ ԳԱԱ հիմնարար գիտական գրադարան
ՀՀ,Երևան 0019
Մարշալ Բաղրամյան 24/6
հեռախոս:(374-10) 52-47-50
Հետադարձ կապ

All site content, except where otherwise noted, is licensed under a
Creative Commons License